000 00956nam a22002535i 4500
001 177725
003 ES-MaACL
005 20230906220409.0
008 110414s1948 be f |||| | fre d
080 _a730 Jespers, Oscar
100 1 _aRidder, André de.
_997052
245 1 0 _aOscar Jespers /
_cpar André de Ridder.
260 _aAnvers :
_bDe Sikkel, pour le Ministere de l'Instruction Publique,
_ccop. 1948.
300 _a15, [28] p. de lám. bl. y n. , [1] h. de lám. bl. y n. ;
_c25 cm.
490 1 _aMonographies de l'art belge. Deuxième Série ;
_v10
500 _aÍndice.
500 _aFalta 1 lámina, que ha sido cortada.
504 _aBibliografía: p. 13.
546 _aTexto en francés, leyenda de las ilustraciones en francés y holandés.
600 1 4 _aJespers, Oscar.
_9146195
830 0 _aMonographies de l'art belge. Deuxième Série ;
_v10
_9190568
852 _aES-MaACL
_jE-14915
_xOlim P-972
999 _c177725
_d177725